Kavafis : una biografia critica /
I tiakina i:
| Kaituhi matua: | |
|---|---|
| Ētahi atu kaituhi: | |
| Hōputu: | Pukapuka |
| Reo: | Itāriana |
| I whakaputaina: |
Milano :
Crocetti,
[1998]
|
| Rangatū: | Aristea ;
5 |
| Ngā marau: | |
| Ngā Tūtohu: |
Kāore He Tūtohu, Me noho koe te mea tuatahi ki te tūtohu i tēnei pūkete!
|
MARC
| LEADER | 00000nam a22000007i 4500 | ||
|---|---|---|---|
| 001 | IT\ICCU\REA\0044188 | ||
| 003 | ItRI | ||
| 005 | 20260115231941.0 | ||
| 008 | 981210s1998 it |||||| ||||| |||||c | ||
| 020 | |a 8883060040 | ||
| 040 | |b ita |c importazione bologna sebina | ||
| 041 | 7 | |a ita |2 ISO-639-2 | |
| 082 | |a 889.132 |9 LETTERATURA GRECA MODERNA. POESIA. 1900-1945. |2 21 | ||
| 100 | 1 | |a Liddell, Robert |0 IT\ICCU\LO1V\037722 |4 aut | |
| 240 | 1 | 0 | |a Cavafy, a critical biography |3 IT\ICCU\REA\0044189 |9 Liddell, Robert |
| 245 | 1 | 0 | |a Kavafis : |b una biografia critica / |c Robert Liddell ; traduzione di Marina Lavagnini. |
| 260 | |a Milano : |b Crocetti, |c [1998] | ||
| 300 | |a 245 p. ; |c 21 cm. | ||
| 650 | 7 | |a Kabaphēs, Konstantinos |2 scbi | |
| 700 | 1 | |a Lavagnini, Marina |0 IT\ICCU\REAV\096323 | |
| 790 | 1 | |a Lintel, Rompert |3 IT\ICCU\PUVV\323501 |z Liddell, Robert | |
| 830 | 0 | |a Aristea ; |v 5 |0 IT\ICCU\REA\0044183 | |
| 942 | |2 ddc |c BK |n 0 | ||
| 952 | |0 0 |1 0 |4 0 |6 DOC_889_132000000000000_LID |7 0 |9 17612 |a BO |b BO |d 2026-01-15 |i 5075 |l 0 |o DOC 889.132 LID |p BO5075 |r 2026-01-15 23:19:41 |w 2026-01-15 |x [Sebina 5] [1 v.] |y BK |z 1 v. | ||
| 999 | |c 15009 |d 15009 | ||